[Event "17th Costa del Sol it"]
[Site "Torremolinos ESP"]
[Date "1977.02.15"]
[Round "9"]
[White "Piasetski, Leon David"]
[Black "Ruiz Gutierrez, Manuel"]
[Result "1-0"]
[WhiteElo "2395"]
[BlackElo "2260"]
[EventDate "1977.02.06"]
[PlyCount "65"]

1.c4 e5 2.Nc3 Nf6 3.Nf3 d6 4.d4 Nbd7 5.Bg5 Be7 6.e3 O-O 7.Qc2 c6 8.O-O-O 
Qc7 9.h4 Re8 10.Bd3 Nf8 11.Bxf6 Bxf6 12.Ne4 Bd8 $2 ( 12...Qe7 ) 13.dxe5 
dxe5 14.Nd6 Re7 15.Ng5 h6 ( 15...g6 16.c5 $16 ) 16.Bh7+ Kh8 17.Ndxf7+ Rxf7
18.Nxf7+ Qxf7 19.Rxd8 Bf5 20.Rxa8 ( 20.Rxf8+ $142 Rxf8 21.Qxf5 Qxf5 22.
Bxf5 Rxf5 23.f3 $16 ) 20...Bxc2 21.Bxc2 Qxf2 22.Bg6 $2 ( 22.Rd1 $16 ) 
22...e4 $2 ( 22...Kg8 ) 23.Kb1 a5 ( 23...Kg8 24.Bxe4 Qxe3 25.Re8 ) 24.h5 
$2 ( 24.Rd1 ) 24...Kg8 25.g4 $4 ( 25.Bxe4 $18 ) 25...Qxe3 26.a3 $2 ( 26.
Re8 $16 ) 26...Qd3+ 27.Ka1 Qxc4 $4 ( 27...Qe2 ) 28.Re1 e3 29.Re8 b5 30.
R8xe3 b4 ( 30...Qxg4 31.Re8 Qf3 32.Rd8 ) 31.Re8 Qf4 32.Rxf8+ Qxf8 33.Re8 
1-0

[Event "17th Costa del Sol it"]
[Site "Torremolinos ESP"]
[Date "1977.02.15"]
[Round "9"]
[White "Hernandez Onna, Roman"]
[Black "Ciocaltea, Victor"]
[Result "1/2-1/2"]
[WhiteElo "2435"]
[BlackElo "2365"]
[EventDate "1977.02.06"]
[PlyCount "55"]

1.d4 Nf6 2.c4 c5 3.e3 g6 4.Nc3 Bg7 5.Nf3 O-O 6.Be2 d6 7.O-O Na6 8.h3 Bf5 
9.d5 Nc7 10.Bd3 Bxd3 11.Qxd3 a6 12.b3 b5 13.Rb1 Rb8 14.e4 Nd7 15.Be3 Qc8 
16.Rfc1 Qb7 17.Qd2 f6 18.Bh6 Qb6 19.Bxg7 Kxg7 20.Qe3 bxc4 21.bxc4 Qa5 22.
Rxb8 Rxb8 23.Nd2 Qa3 24.Rc2 Na8 25.f4 Nab6 26.Qe2 Na4 27.Nxa4 Qxa4 28.Nf3 
1/2-1/2

[Event "17th Costa del Sol it"]
[Site "Torremolinos ESP"]
[Date "1977.02.15"]
[Round "9"]
[White "Robatsch, Karl"]
[Black "Tatai, Stefano"]
[Result "1/2-1/2"]
[WhiteElo "2435"]
[BlackElo "2480"]
[EventDate "1977.02.06"]
[PlyCount "36"]

1.e4 c6 2.d4 d5 3.Nd2 dxe4 4.Nxe4 Nd7 5.Bc4 Ngf6 6.Nxf6+ Nxf6 7.Nf3 Bf5 8.
Ne5 e6 9.O-O Be7 10.c3 O-O 11.Bg5 Nd7 12.Bxe7 Qxe7 13.Nxd7 Qxd7 14.Qe2 Qc7
15.Rad1 Rad8 16.Qe3 Rd7 17.Rd2 Rfd8 18.Rfd1 h6 1/2-1/2

[Event "17th Costa del Sol it"]
[Site "Torremolinos ESP"]
[Date "1977.02.16"]
[Round "10"]
[White "Christiansen, Larry Mark"]
[Black "Castro Rojas, Oscar Humberto"]
[Result "1-0"]
[WhiteElo "2460"]
[BlackElo "2410"]
[EventDate "1977.02.06"]
[PlyCount "67"]

1.c4 Nf6 2.Nc3 d5 3.cxd5 Nxd5 4.Nf3 g6 5.e4 Nb6 6.d4 Bg7 7.h3 O-O 8.Be2 
Nc6 9.Be3 f5 10.exf5 Bxf5 $5 ( {Lo habitual es} 10...gxf5 ) 11.Qb3+ Kh8 
12.d5 $1 {El blanco tiene un plus} 12...Ne5 13.Nxe5 Bxe5 14.Rd1 Qd6 15.O-O
a5 16.a3 a4 17.Qb5 Bd7 $2 ( {Un movimiento de espera sutil} 17...Kg8 ) 18.
Qd3 Bf5 $5 19.Qd2 $1 Rad8 20.Rfe1 Bg7 21.Bf1 $1 e5 22.dxe6 Qe7 ( 22...Qxd2
23.Bxd2 Rfe8 24.e7 Rd7 25.Bf4 Bxc3 26.Rxd7 $1 Bxd7 27.bxc3 Nd5 28.Be5+ Kg8
29.c4 Nxe7 30.Bxc7 {ganando un peon} ) 23.Qc1 Qxe6 24.Rxd8 Rxd8 25.Bg5 Qc8
26.Bxd8 Qxd8 27.Qe3 Bf6 28.Bb5 c6 29.Bxa4 Nc4 30.Qe2 Qd4 31.Rd1 Qf4 32.g3 
Qe5 33.Qxc4 b5 34.Qf7 $1 {Christiansen logra vencer en una solida partida}
1-0

[Event "17th Costa del Sol it"]
[Site "Torremolinos ESP"]
[Date "1977.02.16"]
[Round "10"]
[White "Pavlov, Mircea"]
[Black "Garcia Padron, Jose"]
[Result "1/2-1/2"]
[WhiteElo "2380"]
[BlackElo "2425"]
[EventDate "1977.02.06"]
[PlyCount "42"]

1.e4 c5 2.Nf3 e6 3.d4 cxd4 4.Nxd4 Nf6 5.Nc3 d6 6.f4 Be7 7.Be3 Nc6 8.Qf3 e5
9.Nxc6 bxc6 10.f5 Qa5 11.Bc4 Bb7 12.O-O-O Rd8 13.Bb3 d5 14.Qg3 O-O 15.exd5
cxd5 16.Qxe5 Bb4 17.Bd4 Bd6 18.Qe2 Rfe8 19.Qd2 Bb4 20.Qf2 Qa6 21.Qg3 Bf8 
1/2-1/2

[Event "17th Costa del Sol it"]
[Site "Torremolinos ESP"]
[Date "1977.02.16"]
[Round "10"]
[White "Medina Garcia, Antonio Angel"]
[Black "Piasetski, Leon David"]
[Result "1/2-1/2"]
[WhiteElo "2345"]
[BlackElo "2395"]
[EventDate "1977.02.06"]
[PlyCount "107"]

1.e4 e6 2.d4 c5 3.Nf3 cxd4 4.Nxd4 Nc6 5.Nc3 a6 6.g3 Bb4 7.Ne2 Nf6 8.Bg2 
O-O 9.O-O Bc5 10.Bf4 e5 11.Bg5 h6 12.Bxf6 Qxf6 13.Kh1 d6 14.Nd5 Qd8 15.Qd2
Ne7 16.Nec3 Nxd5 17.Nxd5 Bd7 18.c3 a5 19.b3 Kh7 20.a3 Rc8 21.b4 Ba7 22.
Rab1 a4 23.Rbc1 g6 24.f4 f5 25.Bh3 exf4 26.Rxf4 Qg5 27.Re1 Rce8 28.c4 Re5 
29.Nb6 Bc6 30.Qxd6 Rxe4 31.Rfxe4 Bxe4+ 32.Bg2 Bxg2+ 33.Kxg2 Bxb6 34.Qxb6 
Rf7 35.Qe6 Rg7 36.Qd6 h5 37.Qf4 Qd8 38.c5 Qd5+ 39.Qf3 Qd4 40.Re6 Qb2+ 41.
Re2 Qd4 42.h4 Qd7 43.Kh2 Re7 44.b5 Re4 45.Rxe4 fxe4 46.Qxe4 Qxb5 47.Qe7+ 
Kh6 48.Qg5+ Kh7 49.Qe7+ Kh6 50.Qf8+ Kh7 51.Qf7+ Kh6 52.Qf4+ Kh7 53.Qf7+ 
Kh6 54.Qf8+ 1/2-1/2

[Event "17th Costa del Sol it"]
[Site "Torremolinos ESP"]
[Date "1977.02.16"]
[Round "10"]
[White "Ciocaltea, Victor"]
[Black "Byrne, Robert"]
[Result "1/2-1/2"]
[WhiteElo "2365"]
[BlackElo "2580"]
[EventDate "1977.02.06"]
[PlyCount "39"]

1.e4 c5 2.Nf3 Nc6 3.Bb5 e6 4.O-O Nge7 5.c3 a6 6.Ba4 b5 7.Bc2 Bb7 8.d3 g6 
9.Be3 d6 10.Qd2 Bg7 11.Bh6 O-O 12.Bxg7 Kxg7 13.d4 Qb6 14.dxc5 dxc5 15.Qe3 
Na5 16.Nbd2 Qc7 17.h4 e5 18.Rac1 c4 19.Rfd1 Rad8 20.b4 1/2-1/2

[Event "17th Costa del Sol it"]
[Site "Torremolinos ESP"]
[Date "1977.02.16"]
[Round "10"]
[White "Ruiz Gutierrez, Manuel"]
[Black "Robatsch, Karl"]
[Result "1/2-1/2"]
[WhiteElo "2260"]
[BlackElo "2435"]
[EventDate "1977.02.06"]
[PlyCount "49"]

1.e4 c5 2.Nf3 Nc6 3.d4 cxd4 4.Nxd4 Nf6 5.Nc3 d6 6.Be2 g6 7.O-O Nxd4 8.Qxd4
Bg7 9.Be3 O-O 10.Qd2 Bd7 11.f3 Qa5 12.Rfd1 Rfc8 13.Nb5 Qxd2 14.Rxd2 a6 15.
Nd4 b5 16.c3 Be8 17.a4 bxa4 18.Bd1 d5 19.e5 Nd7 20.e6 Nc5 21.exf7+ Bxf7 
22.Bxa4 Nxa4 23.Rxa4 e5 24.Ne2 Rc6 25.f4 1/2-1/2

[Event "17th Costa del Sol it"]
[Site "Torremolinos ESP"]
[Date "1977.02.16"]
[Round "10"]
[White "Tatai, Stefano"]
[Black "Hernandez Onna, Roman"]
[Result "1/2-1/2"]
[WhiteElo "2480"]
[BlackElo "2435"]
[EventDate "1977.02.06"]
[PlyCount "30"]

1.d4 d5 2.c4 e6 3.Nc3 c5 4.e3 Nf6 5.Nf3 Nc6 6.cxd5 exd5 7.Be2 cxd4 8.Nxd4 
Bd6 9.O-O O-O 10.Nxc6 bxc6 11.b3 Qe7 12.Bb2 Qe5 13.g3 Bh3 14.Re1 Rfe8 15.
Bf1 Bg4 1/2-1/2

[Event "17th Costa del Sol it"]
[Site "Torremolinos ESP"]
[Date "1977.02.17"]
[Round "11"]
[White "Castro Rojas, Oscar Humberto"]
[Black "Gheorghiu, Florin"]
[Result "1/2-1/2"]
[WhiteElo "2410"]
[BlackElo "2545"]
[EventDate "1977.02.06"]
[PlyCount "89"]

1.g3 g6 2.Bg2 Bg7 3.d4 d5 4.Nf3 Nf6 5.c4 O-O 6.cxd5 Nxd5 7.O-O Nc6 8.Nc3 
Nb6 9.d5 Na5 10.Qd3 c6 11.Rd1 cxd5 12.e4 e6 13.Qb5 Nac4 14.exd5 Bd7 15.Qb3
exd5 16.Nxd5 Ba4 17.Nxb6 Bxb3 18.Rxd8 Raxd8 19.Bg5 f6 20.axb3 Nxb6 21.Be3 
Rfe8 22.Rxa7 Rd1+ 23.Bf1 Nd5 24.Bd2 g5 25.h3 h5 26.Ra4 Re2 27.Rd4 g4 28.
hxg4 hxg4 29.Bc3 Ra1 30.Rxg4 Nxc3 31.bxc3 Rc2 32.Nd4 Rcc1 33.Nf5 Rxf1+ 34.
Kg2 Rg1+ 35.Kf3 Ra5 36.Nxg7 Kf7 37.Kf4 Rf1 38.f3 Rg5 39.Nf5 Rxg4+ 40.Kxg4 
Ke6 41.Kf4 Rc1 42.Nd4+ Kd5 43.Ne2 Re1 44.Nd4 b6 45.g4 1/2-1/2

[Event "17th Costa del Sol it"]
[Site "Torremolinos ESP"]
[Date "1977.02.17"]
[Round "11"]
[White "Piasetski, Leon David"]
[Black "Christiansen, Larry Mark"]
[Result "1/2-1/2"]
[WhiteElo "2395"]
[BlackElo "2460"]
[EventDate "1977.02.06"]
[PlyCount "31"]

1.Nf3 Nf6 2.c4 g6 3.g3 Bg7 4.Bg2 O-O 5.O-O Nc6 6.d4 d5 7.cxd5 Nxd5 8.e4 
Nb6 9.d5 Na5 10.Nc3 c6 11.Ne1 cxd5 12.exd5 e6 13.Nc2 exd5 14.Nxd5 Be6 15.
Nce3 Rc8 16.Re1 1/2-1/2

[Event "17th Costa del Sol it"]
[Site "Torremolinos ESP"]
[Date "1977.02.17"]
[Round "11"]
[White "Garcia Padron, Jose"]
[Black "Ciocaltea, Victor"]
[Result "1/2-1/2"]
[WhiteElo "2425"]
[BlackElo "2365"]
[EventDate "1977.02.06"]
[PlyCount "31"]

1.Nf3 g6 2.e4 Bg7 3.d4 c6 4.Nc3 d5 5.exd5 cxd5 6.Bb5+ Bd7 7.Qe2 Nf6 8.Bg5 
O-O 9.O-O-O Bg4 10.h3 Bxf3 11.Qxf3 e6 12.h4 h6 13.Bf4 a6 14.Be2 Nc6 15.Qe3
h5 16.Bh6 1/2-1/2

[Event "17th Costa del Sol it"]
[Site "Torremolinos ESP"]
[Date "1977.02.17"]
[Round "11"]
[White "Robatsch, Karl"]
[Black "Medina Garcia, Antonio Angel"]
[Result "1-0"]
[WhiteElo "2435"]
[BlackElo "2345"]
[EventDate "1977.02.06"]
[PlyCount "63"]

1.c4 Nf6 2.Nc3 e5 3.g3 g6 4.d4 exd4 5.Qxd4 Nc6 6.Qd2 Bg7 7.Bg2 O-O 8.b3 d6
9.Bb2 Re8 10.Nh3 Bxh3 11.Bxh3 Ne4 12.Nxe4 Rxe4 13.Bg2 Bxb2 14.Qxb2 Re5 15.
O-O Qe7 16.e3 Re8 17.Rad1 Qf8 18.Rd5 Qg7 19.Qa3 a5 20.Rb5 Rxb5 21.cxb5 Nd8
22.Qxa5 b6 23.Qd2 Qe5 24.a4 Ne6 25.b4 Re7 26.Bd5 Qf5 27.f4 h5 28.a5 bxa5 
29.bxa5 c6 30.Bxc6 Nc5 31.a6 h4 32.Qxd6 1-0

[Event "17th Costa del Sol it"]
[Site "Torremolinos ESP"]
[Date "1977.02.17"]
[Round "11"]
[White "Byrne, Robert"]
[Black "Tatai, Stefano"]
[Result "1/2-1/2"]
[WhiteElo "2580"]
[BlackElo "2480"]
[EventDate "1977.02.06"]
[PlyCount "52"]

1.e4 e5 2.Nf3 Nc6 3.Bb5 a6 4.Ba4 d6 5.c3 Bd7 6.d4 Nf6 7.Nbd2 Be7 8.O-O O-O
9.Re1 exd4 10.cxd4 Nb4 11.Bxd7 Nxd7 12.Nf1 c5 13.a3 Nc6 14.dxc5 dxc5 15.
Bf4 Re8 16.Ne3 Nf8 17.Nd5 Ne6 18.Bg3 Bf6 19.a4 Nb4 20.Qb3 a5 21.Rad1 Bd4 
22.Qc4 Rc8 23.b3 Ng5 24.Nxg5 Qxg5 25.Nc7 Red8 26.Nb5 Qe7 1/2-1/2

[Event "17th Costa del Sol it"]
[Site "Torremolinos ESP"]
[Date "1977.02.17"]
[Round "11"]
[White "Hernandez Onna, Roman"]
[Black "Ruiz Gutierrez, Manuel"]
[Result "1-0"]
[WhiteElo "2435"]
[BlackElo "2260"]
[EventDate "1977.02.06"]
[PlyCount "73"]

1.c4 e5 2.Nc3 Nc6 3.g3 g6 4.Bg2 Bg7 5.Nf3 d6 6.O-O Nh6 7.d3 O-O 8.Rb1 Bg4 
9.h3 Bd7 10.b4 f6 11.b5 Ne7 12.a4 Nf7 13.d4 Qc8 14.Kh2 Be6 15.Qb3 Rd8 16.
e4 Re8 17.Rd1 b6 18.Be3 a5 19.Rbc1 Bh6 20.Nd5 Bxd5 21.cxd5 Bxe3 22.Qxe3 
Kg7 23.dxe5 fxe5 24.h4 Ng8 25.Bh3 Qd8 26.Ng5 Nxg5 27.hxg5 h6 28.gxh6+ Nxh6
29.Kg2 Nf7 30.Rh1 Rh8 31.Be6 Rxh1 32.Rxh1 Qg5 33.Bxf7 Qxe3 34.fxe3 Kxf7 
35.Rh7+ Kf6 36.Rxc7 Rb8 37.Rd7 1-0

[Event "17th Costa del Sol it"]
[Site "Torremolinos ESP"]
[Date "1977.02.18"]
[Round "12"]
[White "Gheorghiu, Florin"]
[Black "Pavlov, Mircea"]
[Result "1/2-1/2"]
[WhiteElo "2545"]
[BlackElo "2380"]
[EventDate "1977.02.06"]
[PlyCount "42"]

1.c4 g6 2.e4 e5 3.d4 Nf6 4.dxe5 Nxe4 5.Bd3 Nc5 6.Bc2 Bg7 7.Nf3 Nc6 8.O-O 
O-O 9.Bg5 f6 10.exf6 Bxf6 11.Bxf6 Qxf6 12.Nc3 d6 13.Nd5 Qg7 14.b4 Ne6 15.
Re1 Bd7 16.Be4 Rae8 17.Qd2 Ncd8 18.Qc3 c6 19.Qxg7+ Kxg7 20.Nc3 Nf7 21.Rad1
Nc7 1/2-1/2

[Event "17th Costa del Sol it"]
[Site "Torremolinos ESP"]
[Date "1977.02.18"]
[Round "12"]
[White "Castro Rojas, Oscar Humberto"]
[Black "Piasetski, Leon David"]
[Result "1/2-1/2"]
[WhiteElo "2410"]
[BlackElo "2395"]
[EventDate "1977.02.06"]
[PlyCount "46"]

1.b3 e5 2.Bb2 d6 3.g3 Nf6 4.Bg2 g6 5.e4 Bg7 6.Ne2 O-O 7.O-O Nc6 8.f4 exf4 
9.Nxf4 Bg4 10.Qc1 g5 11.Nd3 Be2 12.Rf2 Bxd3 13.cxd3 Ng4 14.Rf1 Nge5 15.Bc3
Nxd3 16.Qc2 Nde5 17.Na3 Qd7 18.Rad1 Rae8 19.d4 Ng6 20.Nc4 Nge7 21.Ne3 h6 
22.Bf3 Qd8 23.Qg2 Nb8 1/2-1/2

[Event "17th Costa del Sol it"]
[Site "Torremolinos ESP"]
[Date "1977.02.18"]
[Round "12"]
[White "Christiansen, Larry Mark"]
[Black "Robatsch, Karl"]
[Result "1/2-1/2"]
[WhiteElo "2460"]
[BlackElo "2435"]
[EventDate "1977.02.06"]
[PlyCount "24"]

1.Nf3 g6 2.e4 Bg7 3.d4 d6 4.Be2 c5 5.Nc3 cxd4 6.Nxd4 Nc6 7.Be3 Nf6 8.O-O 
O-O 9.Qd2 Ng4 10.Bxg4 Bxg4 11.Nd5 Rc8 12.f4 Be6 1/2-1/2

[Event "17th Costa del Sol it"]
[Site "Torremolinos ESP"]
[Date "1977.02.18"]
[Round "12"]
[White "Tatai, Stefano"]
[Black "Garcia Padron, Jose"]
[Result "1/2-1/2"]
[WhiteElo "2480"]
[BlackElo "2425"]
[EventDate "1977.02.06"]
[PlyCount "29"]

1.d4 d5 2.c4 e6 3.Nc3 Nf6 4.cxd5 exd5 5.Bg5 Nbd7 6.e3 c6 7.Bd3 Bd6 8.Qc2 
Nf8 9.Nge2 Ng6 10.Ng3 O-O 11.Nh5 Be7 12.Bxf6 Bxf6 13.O-O Be7 14.f4 Bd6 15.
Qf2 1/2-1/2

[Event "17th Costa del Sol it"]
[Site "Torremolinos ESP"]
[Date "1977.02.18"]
[Round "12"]
[White "Medina Garcia, Antonio Angel"]
[Black "Hernandez Onna, Roman"]
[Result "1/2-1/2"]
[WhiteElo "2345"]
[BlackElo "2435"]
[EventDate "1977.02.06"]
[PlyCount "82"]

1.e4 c5 2.Nc3 Nc6 3.g3 g6 4.Bg2 Bg7 5.d3 d6 6.Be3 Rb8 7.f4 b5 8.Qd2 b4 9.
Nd1 e6 10.Nf3 Nd4 11.O-O Ne7 12.Nh4 O-O 13.c3 bxc3 14.bxc3 Nb5 15.Rc1 f5 
16.Nf3 h6 17.Re1 Bb7 18.e5 Nd5 19.Bf2 Nbc7 20.Nb2 Nb6 21.Rb1 Qe7 22.a4 d5 
23.a5 Nd7 24.Na4 Bc6 25.Qa2 Rfc8 26.Nd2 Bf8 27.c4 Ba8 28.Nc3 d4 29.Nb5 
Bxg2 30.Kxg2 Ra8 31.Nd6 Rcb8 32.Qa4 Na6 33.Nf3 Qd8 34.Nb5 Qc8 35.Na3 Rxb1 
36.Rxb1 Nb4 37.Rb3 Rb8 38.Be1 g5 39.Kf2 g4 40.Ng1 a6 41.h4 Rb7 1/2-1/2

[Event "17th Costa del Sol it"]
[Site "Torremolinos ESP"]
[Date "1977.02.18"]
[Round "12"]
[White "Ruiz Gutierrez, Manuel"]
[Black "Byrne, Robert"]
[Result "0-1"]
[WhiteElo "2260"]
[BlackElo "2580"]
[EventDate "1977.02.06"]
[PlyCount "50"]

1.e4 c5 2.Nf3 Nc6 3.d4 cxd4 4.Nxd4 Nf6 5.Nxc6 bxc6 6.Bd3 g6 7.O-O Bg7 8.
Nc3 d6 9.Qe2 O-O 10.Kh1 Nd7 11.f4 Rb8 12.Nd1 Nc5 13.c3 Nxd3 14.Qxd3 Qa5 
15.Re1 Ba6 16.Qg3 e6 17.h3 f5 18.e5 Rfd8 19.exd6 Rxd6 20.Nf2 c5 21.h4 Qd8 
22.h5 gxh5 23.b4 cxb4 24.Bb2 h4 25.Qh3 Rc8 0-1

[Event "17th Costa del Sol it"]
[Site "Torremolinos ESP"]
[Date "1977.02.19"]
[Round "13"]
[White "Pavlov, Mircea"]
[Black "Ciocaltea, Victor"]
[Result "0-1"]
[WhiteElo "2380"]
[BlackElo "2365"]
[EventDate "1977.02.06"]
[PlyCount "96"]

1.e4 g6 2.d4 Bg7 3.Nc3 c6 4.Be3 d5 5.f3 h5 6.Qd2 Nh6 7.h3 h4 8.O-O-O Ng8 
9.Nge2 Nf6 10.g4 hxg3 11.Nxg3 Qa5 12.Kb1 Qb6 13.e5 Nh5 14.Nxh5 Rxh5 15.Ne2
Rh8 16.h4 Na6 17.Nf4 Bf5 18.Bd3 Bxd3 19.Nxd3 e6 20.c3 O-O-O 21.Ka1 Rde8 
22.b4 Qc7 23.Rb1 b6 24.Qe2 Qb7 25.Bg5 Nc7 26.Nf4 Bh6 27.Nh3 Bxg5 28.Nxg5 
Nb5 29.Rb3 Qe7 30.a4 Nc7 31.f4 Kb7 32.h5 Rh6 33.Rbb1 Reh8 34.Qg2 Rxh5 35.
Rxh5 Rxh5 36.Rh1 a5 37.Rxh5 gxh5 38.bxa5 Qa3+ 39.Kb1 Qxa4 40.Nxf7 Qb3+ 41.
Qb2 Qxb2+ 42.Kxb2 bxa5 43.f5 exf5 44.Nd6+ Kb6 45.Nxf5 Ne6 46.c4 dxc4 47.
Kc3 Kb5 48.Nd6+ Ka4 0-1

[Event "17th Costa del Sol it"]
[Site "Torremolinos ESP"]
[Date "1977.02.19"]
[Round "13"]
[White "Robatsch, Karl"]
[Black "Castro Rojas, Oscar Humberto"]
[Result "1/2-1/2"]
[WhiteElo "2435"]
[BlackElo "2410"]
[EventDate "1977.02.06"]
[PlyCount "23"]

1.c4 Nf6 2.Nc3 d5 3.cxd5 Nxd5 4.g3 c5 5.Bg2 e6 6.Nxd5 exd5 7.Qb3 Be6 8.
Qxb7 Nd7 9.Nf3 Be7 10.d4 O-O 11.Qb3 Bf6 12.Qd1 1/2-1/2

[Event "17th Costa del Sol it"]
[Site "Torremolinos ESP"]
[Date "1977.02.19"]
[Round "13"]
[White "Hernandez Onna, Roman"]
[Black "Christiansen, Larry Mark"]
[Result "1/2-1/2"]
[WhiteElo "2435"]
[BlackElo "2460"]
[EventDate "1977.02.06"]
[PlyCount "20"]

1.c4 c5 2.Nc3 g6 3.Nf3 Bg7 4.g3 Nc6 5.Bg2 e6 6.a3 Nge7 7.O-O O-O 8.d3 b6 
9.Bd2 Bb7 10.Rb1 d5 1/2-1/2

[Event "17th Costa del Sol it"]
[Site "Torremolinos ESP"]
[Date "1977.02.19"]
[Round "13"]
[White "Garcia Padron, Jose"]
[Black "Ruiz Gutierrez, Manuel"]
[Result "1-0"]
[WhiteElo "2425"]
[BlackElo "2260"]
[EventDate "1977.02.06"]
[PlyCount "91"]

1.e4 c5 2.Nf3 Nc6 3.d4 cxd4 4.Nxd4 Nf6 5.Nc3 d6 6.Bc4 e5 7.Nf5 Bxf5 8.exf5
h6 9.O-O Be7 10.Nd5 Nxd5 11.Bxd5 Bf6 12.c3 Qd7 13.Qf3 O-O 14.Rd1 Rfd8 15.
Qh5 Kf8 16.Be3 Rac8 17.Rd2 b6 18.Rad1 Na5 19.Qg4 Rc7 20.Rd3 Qb5 21.Bc1 Ke7
22.b3 Nc6 23.a4 Qa5 24.Qe4 Nb8 25.Bb2 Nd7 26.R3d2 Bg5 27.Re2 Nf6 28.Qf3 
Nxd5 29.Rxd5 Rc5 30.Rd3 Rc7 31.Ba3 Rcd7 32.Bb4 Qa6 33.Rxe5+ Kf8 34.Red5 
Kg8 35.Rxd6 Rxd6 36.Rxd6 Rxd6 37.Bxd6 Bf6 38.Bb4 Qc8 39.c4 Qd7 40.g3 Kh7 
41.Qd5 Qe8 42.c5 bxc5 43.Bxc5 Qe1+ 44.Kg2 a6 45.b4 Qe8 46.a5 1-0

[Event "17th Costa del Sol it"]
[Site "Torremolinos ESP"]
[Date "1977.02.19"]
[Round "13"]
[White "Byrne, Robert"]
[Black "Medina Garcia, Antonio Angel"]
[Result "1/2-1/2"]
[WhiteElo "2580"]
[BlackElo "2345"]
[EventDate "1977.02.06"]
[PlyCount "66"]

1.e4 e5 2.Nf3 Nc6 3.Bb5 a6 4.Ba4 d6 5.c3 f5 6.exf5 Bxf5 7.d4 e4 8.Ng5 d5 
9.f3 h6 10.fxe4 hxg5 11.exf5 Bd6 12.Qf3 g4 13.Qxg4 Nf6 14.Qe2+ Kf8 15.Bxc6
bxc6 16.Bg5 Qd7 17.Bxf6 gxf6 18.Qf3 Re8+ 19.Kd1 Re4 20.g3 Qe8 21.Nd2 Re3 
22.Qg2 Rh7 23.Kc2 Re2 24.Qf3 Rhe7 25.Rad1 R7e3 26.Qg4 Qb8 27.Qh4 Kg7 28.
Qg4+ Kf8 29.Qg6 Be7 30.Qh6+ Kg8 31.Qg6+ Kf8 32.Qh6+ Kg8 33.Qg6+ Kf8 
1/2-1/2